Состояние и проблемы подготовки кадров в вузах Сибирского региона; Инженерное образование и наука в мировом пространстве. GEER

Chi tiết về thư mục
Parent link:Инженерное образование и наука в мировом пространстве. GEER.— 2006.— С. 359-360
Tác giả chính: Власов В. А. Виктор Алексеевич
Tác giả khác: Штанько В. Ф. Виктор Федорович
Ngôn ngữ:Tiếng Nga
Được phát hành: 2006
Những chủ đề:
Định dạng: MixedMaterials Chương của sách
KOHA link:https://koha.lib.tpu.ru/cgi-bin/koha/opac-detail.pl?biblionumber=103818

MARC

LEADER 00000naa2a2200000 4500
001 103818
005 20240119114645.0
035 |a (RuTPU)RU\TPU\book\111919 
090 |a 103818 
100 |a 20061023d2006 k y0rusy50 ca 
101 0 |a rus 
102 |a RU 
200 1 |a Состояние и проблемы подготовки кадров в вузах Сибирского региона  |f В. А. Власов, В. Ф. Штанько 
463 0 |0 (RuTPU)RU\TPU\book\108763  |y 5-98298-085-4  |t Инженерное образование и наука в мировом пространстве. GEER  |o сборник трудов Международной конференции, посвященной 110-летию основания Томского политехнического университета и 100-летию первого выпуска сибирских инженеров, 1-2 июня 2006 г., Томск  |f Томский политехнический университет ; под ред. В. А. Власова [и др.]  |v С. 359-360  |d 2006  |p 374 с. 
610 1 |a вузы 
610 1 |a подготовка кадров 
610 1 |a Сибирь 
610 1 |a педагогические кадры 
610 1 |a научно-педагогические кадры 
610 1 |a труды учёных ТПУ 
700 1 |a Власов  |b В. А.  |c российский ученый в области физики и химии плазмы, молекулярной физики  |c профессор Томского политехнического университета  |f 1958-  |g Виктор Алексеевич  |3 (RuTPU)RU\TPU\pers\26576  |4 070 
701 1 |a Штанько  |b В. Ф.  |c физик  |c профессор Томского политехнического университета, доктор физико-математических наук  |f 1948-  |g Виктор Федорович  |3 (RuTPU)RU\TPU\pers\25978  |4 070  |9 11827 
801 1 |a RU  |b 63413507  |c 20061023  |g PSBO 
801 2 |a RU  |b 63413507  |c 20111207  |g RCR 
942 |c BK